000 00623cam a2200217 a 4500
005 20260322212029.0
008 data
010 _a 85672999
020 _a0002316560
020 _a9780002316569
040 _aMH
_cMH
_dDLC
050 1 4 _aPR6061.E26
_bM8x 1980b
100 1 _aKeating, H. R. F.
_d1926-2011.
_q(Henry Reymond Fitzwalter),
245 1 4 _aThe murder of the maharajah /
_cH. R. F. Keating.
260 _aLondon :
_bCollins,
_c1980.
300 _a290 p. ;
_c22 cm.
490 0 _aThe Crime club
655 7 _aDetective and mystery stories.
_2gsafd
906 _a7
_bcbc
_corignew
_du
_encip
_f19
_gy-gencatlg
001 data
999 _c655
_d655